| Tag |
First Indicator |
Second Indicator |
Subfields |
| LEADER |
00000nam a2200000 4500 |
| 001 |
in00004336513 |
| 005 |
20200812101225.0 |
| 006 |
m g d |
| 007 |
cr bn |||a|bb| |
| 008 |
920915s1647 enk o 00| | eng d |
| 035 |
|
|
|a (UnM)99862121
|
| 037 |
|
|
|a CL0051000002
|b ProQuest Information and Learning. 300 N. Zeeb Rd., Ann Arbor, MI 48106
|
| 040 |
|
|
|a Cu-RivES
|c Cu-RivES
|d CStRLIN
|e dcrb
|d WaOLN
|
| 100 |
1 |
|
|a Edwards, Thomas,
|d 1599-1647.
|
| 240 |
1 |
0 |
|a Casting down of the last and strongest hold of Satan.
|n Part 1
|
| 245 |
1 |
4 |
|a The casting down of the last and strongest hold of Satan. Or, A treatise against toleration and pretended liberty of conscience: :
|b wherein by Scripture, sound reason, fathers, schoolmen, casuists, Protestant divines of all nations, confessions of faith of the Reformed Churches, ecclesiastical histories, and constant practice of the most pious and wisest emperours, princes, states, the best writers of politicks, the experience of all ages; yea, by divers principles, testimonies and proceedings of sectaries themselves, as Donatists, Anabaptists, Brownists, Independents, the unlawfulnesse and mischeif [sic] in Christian commonwealths and kingdoms both of a vniversal toleration of all religions and consciences, and of a limited and bounded of some sects only, are clearly proved and demonstrated, with all the materiall grounds and reasons brought for such tolerations fully answered. /
|c By Thomas Edvvards, Minister of the Gospel. The first part.
|
| 246 |
3 |
0 |
|a Treatise against toleration and pretended liberty of conscience
|
| 260 |
|
|
|a London, :
|b Printed by T.R. and E.M. for George Calvert, and are to be sold at the golden Fleece in the Old-Change.,
|c 1647.
|
| 300 |
|
|
|a 1 online resource ([8], 218 pages)
|
| 336 |
|
|
|a text
|b txt
|2 rdacontent
|
| 337 |
|
|
|a computer
|b c
|2 rdamedia
|
| 338 |
|
|
|a online resource
|b cr
|2 rdacarrier
|
| 500 |
|
|
|a Running title reads: A treatise against toleration. and pretended liberty of conscience.
|
| 500 |
|
|
|a Annotation on Thomason copy: "June 28th".
|
| 500 |
|
|
|a Reproduction of the original in the British Library.
|
| 510 |
4 |
|
|a Wing (2nd edition, 1994)
|c E225.
|
| 510 |
4 |
|
|a Thomason
|c E.394[6].
|
| 533 |
|
|
|a Electronic reproduction.
|b Ann Arbor, Mich. :
|c UMI,
|d 1999-
|f (Early English books online)
|n Digital version of: (Thomason Tracts ; 62:E394[6])
|7 s1999 miun s
|
| 650 |
|
0 |
|a Religious tolerance
|z England
|v Early works to 1800.
|
| 830 |
|
0 |
|a Early English books online.
|
| 856 |
4 |
0 |
|u http://proxy.library.tamu.edu/login?url=https://search.proquest.com/docview/2240914275
|z Connect to the full text of this electronic book
|t 0
|
| 999 |
f |
f |
|s cf84c0f5-83b2-38bc-992d-346b7bfae848
|i 7cbcd91a-52f6-334c-906a-b60100d8c837
|t 0
|
| 952 |
f |
f |
|a Texas A&M University
|b College Station
|c Electronic Resources
|d Available Online
|t 0
|h No information provided
|
| 998 |
f |
f |
|t 0
|l Available Online
|